Výchovný a vzdelávací cieľ vyučovacej hodiny

Príprava študenta na vyučovanie. Vzťah študent-učiteľ. Zvyšovanie motivácie žiakov. Motivačné prvky.

Salvato in:
Dettagli Bibliografici
Autore principale: Kompoltová, Soňa
Natura: Capitolo di libro
Lingua:slovacco
Soggetti:
Tags: Aggiungi Tag
Nessun Tag, puoi essere il primo ad aggiungerne!!

MARC

LEADER 00000naa$a2200000$$$4500
001 0051046
005 20240502071606.9
041 0 |a slo 
044 |a SK 
245 1 0 |a Výchovný a vzdelávací cieľ vyučovacej hodiny 
520 |a Príprava študenta na vyučovanie. Vzťah študent-učiteľ. Zvyšovanie motivácie žiakov. Motivačné prvky. 
610 2 0 |a motivácia pracovná 
610 2 0 |a študenti 
610 2 0 |a učitelia 
610 2 0 |a vyučovanie 
610 2 0 |a výchova 
610 2 0 |a vzdelávanie 
100 1 |a Kompoltová, Soňa